000 02555cam a2200373 a 4500
003 CO-CtgCURN
005 20250331185243.0
007 ta
008 080403s2006 ck fr 000 0dspa
015 _ack-2006-xxxx
020 _a9588308003
040 _aCO-CtgCURN
_bspa
_ccoctgcurn
082 0 4 _221
_a657
_bM779
100 1 _aMontes Salazar, Carlos Alberto.
245 1 0 _aIntroducción al pensamiento contable de Richard Mattessich /
_cCarlos Alberto Montes Salazar, Eutimio Mejia Soto, Omar de Jesús Montilla Galvis.
250 _a1a. ed.
260 _aCali :
_bUniversidad Libre,
_c2006.
300 _a177 p. ;
_c23 cm.
336 _2rdacontent
337 _2rdamedia
_asin mediacion
_bn
338 _2rdacarrier
_avolumen
_bnc
500 _aDatos biograficos de los autores en solapa.
504 _aBibliografia: p. 153-177.
505 8 _aCapitulo I: Aproximacion, desarrollo cronologico y comparacion entre supuestos basicos y postulados en la obra de richard mattessich.-- Capitulo II: hitos de la evolucion de la contabilidad desde la segunda mitad del siglo xx.-- Capitulo III: Algunos desarrollos teoricos, tradiciones de Investigación y etica en richard mattessich.-- Capitulo IV: Paradigmas, programas, subprogramas, normativismo y otros aportes.-- Capitulo V: Consideraciones generales de la obra de richard mattessich.-- Conclusiones
520 _aEste texto es resultado del trabajo academico conjunto de la Red de Investigación Interinstitucional entre las universidades del Quindio, del Valle y Libre Secciónal Cali. Busca contribuir al debate sobre la condicion cientifica de la contabilidad. Como un valor agregado adicional, trata con rigurosidad un tema que poco se ve por escrito o como tesis de Investigación en el pais y en toda America Latina. Muy pocas publicaciones de caracter investigativo en contabilidad germinan y crecen a lo largo años de discusion pública entre academicos y expertos, como sucede con este trabajo. En todos los espacios se expresaba la necesidad de contar con un texto escrito que superara la volatilidad de una conferencia. Los colegas que asi lo sugirieron tienen hoy entre sus manos una respuesta concreta.
590 _aContaduria Pública
600 1 0 _aMattessich, Richard
_xCritica e interpretacion
_9478.
650 1 4 _aContabilidad
_vNormas.
650 1 4 _aContabilidad
_xHistoria.
700 1 _aMejia Soto, Eutimio.
700 1 _aMontilla Galvis, Omar de Jesús.
942 _cBK
_h657
_iM779
_2ddc
999 _c24237
_d24237